书目信息 |
| 题名: |
案例学
|
|
| 作者: | ;前沿文化 编著 | |
| 分册: | ||
| 出版信息: | 北京 科学出版社 2013.05 |
|
| 页数: | 30,566页 | |
| 开本: | 24cm | |
| 丛书名: | 新世纪书局 | |
| 单 册: | ||
| 中图分类: | TU238.2-39 | |
| 科图分类: | ||
| 主题词: | 室内装饰设计--AutoCAD软件 , 室内装饰设计 , AutoCAD软件 | |
| 电子资源: | ||
| ISBN: | 978-7-03-037234-5 | |
| 000 | 01173oam2 2200313 450 | |
| 001 | 010050028745 | |
| 005 | 20140610105429.28 | |
| 010 | @a978-7-03-037234-5@dCNY59.80(含光盘) | |
| 100 | @a20130513d2013 em y0chiy0110 ea | |
| 101 | 0 | @achi |
| 102 | @aCN@b110000 | |
| 105 | @aak z 000yy | |
| 106 | @ar | |
| 200 | 1 | @a案例学@9an li xue@eAutoCAD室内装饰设计@f前沿文化编著 |
| 210 | @a北京@c科学出版社@d2013.05 | |
| 215 | @a30,566页@c图@d24cm@e1光盘 | |
| 225 | 2 | @a新世纪书局@v10631 |
| 307 | @a附光盘:ISBN 978-7-89445-832-2 光盘定价为:24.00元 | |
| 330 | @a本书内容全面,讲解清晰,分为四大部分,共计15章,由浅入深地介绍了AutoCAD 2012在室内装饰设计中的各种知识与应用。 | |
| 333 | @a适合使用AutoCAD进行室内装饰设计的初、中级读者使用,同时也可以作为大中专院校相关专业的教材及各类社会培训学校的教学参考书 | |
| 461 | 0 | @12001 @a新世纪书局@v10631 |
| 517 | 1 | @aAutoCAD室内装饰设计@9AutoCAD shi nei zhuang shi she ji |
| 606 | 0 | @a室内装饰设计@xAutoCAD软件 |
| 606 | 0 | @a室内装饰设计 |
| 606 | 0 | @aAutoCAD软件 |
| 690 | @aTU238.2-39@v5 | |
| 711 | 02 | @a前沿文化@9qian yan wen hua@4编著 |
| 801 | 0 | @aCN@b人天书店@c20130513 |
| 905 | @b846652-54@dTU238.2-39@e659@f3 | |
| 案例学:AutoCAD室内装饰设计/前沿文化编著.-北京:科学出版社,2013.05 |
| 30,566页:图;24cm+1光盘.-(新世纪书局;10631) |
| 使用对象:适合使用AutoCAD进行室内装饰设计的初、中级读者使用,同时也可以作为大中专院校相关专业的教材及各类社会培训学校的教学参考书 |
| ISBN 978-7-03-037234-5:CNY59.80(含光盘) |
| 本书内容全面,讲解清晰,分为四大部分,共计15章,由浅入深地介绍了AutoCAD 2012在室内装饰设计中的各种知识与应用。 |
| ● |
| 相关链接 |
|
|
|
|
正题名:案例学
索取号:TU238.2-39/659
 
预约/预借
| 序号 | 登录号 | 条形码 | 馆藏地/架位号 | 状态 | 备注 |
| 1 | 846652 | 208466523 | 第二样本阅览室/ [索取号:TU238.2-39/659] | 在馆 | |
| 2 | 846653 | 208466532 | 密集书库-资源管理系/ [索取号:TU238.2-39/659] | 在馆 | |
| 3 | 846654 | 208466541 | 第三借阅区/ [索取号:TU238.2-39/659] | 在馆 |